<?xml version="1.0" encoding="UTF-8"?>
<record
    xmlns:xsi="http://www.w3.org/2001/XMLSchema-instance"
    xsi:schemaLocation="http://www.loc.gov/MARC21/slim http://www.loc.gov/standards/marcxml/schema/MARC21slim.xsd"
    xmlns="http://www.loc.gov/MARC21/slim">

  <leader>00905naa a22002177a 4500</leader>
  <controlfield tag="003">BPK</controlfield>
  <controlfield tag="005">20160303115349.0</controlfield>
  <controlfield tag="008">160303b1973    pl ||||| |||| 10| 0 pol  </controlfield>
  <datafield tag="040" ind1=" " ind2=" ">
    <subfield code="c">BPK</subfield>
  </datafield>
  <datafield tag="080" ind1=" " ind2=" ">
    <subfield code="a">691</subfield>
  </datafield>
  <datafield tag="100" ind1=" " ind2=" ">
    <subfield code="a">MARCINKOWSKI, Stefan.</subfield>
    <subfield code="d">1969 - 1992.</subfield>
    <subfield code="b">Wy&#x17C;sza Szko&#x142;a In&#x17C;ynierska w Koszalinie - Wydzia&#x142; Budownictwa L&#x105;dowego,</subfield>
    <subfield code="c">Zesp&#xF3;&#x142; Technologii Materia&#x142;&#xF3;w i Element&#xF3;w Budowlanych</subfield>
  </datafield>
  <datafield tag="245" ind1=" " ind2=" ">
    <subfield code="a">Aktualne wyniki prac badawczych nad betonem bezcementowym na spoiwie py&#x142;owo-wapienno-gipsowym /</subfield>
    <subfield code="c">Stefan Marcinkowski.</subfield>
  </datafield>
  <datafield tag="260" ind1=" " ind2=" ">
    <subfield code="c">1973.</subfield>
  </datafield>
  <datafield tag="500" ind1=" " ind2=" ">
    <subfield code="a">Dane z kartoteki bpp.</subfield>
  </datafield>
  <datafield tag="650" ind1=" " ind2="0">
    <subfield code="a">Materia&#x142;y budowlane.</subfield>
  </datafield>
  <datafield tag="650" ind1=" " ind2="0">
    <subfield code="a">Beton.</subfield>
  </datafield>
  <datafield tag="655" ind1=" " ind2="0">
    <subfield code="a">Materia&#x142;y konferencyjne.</subfield>
  </datafield>
  <datafield tag="711" ind1=" " ind2=" ">
    <subfield code="a">Konferencja Problemowa PZITB</subfield>
    <subfield code="n">(10 ;</subfield>
    <subfield code="d">1973 ;</subfield>
    <subfield code="c">Koszalin, Polska).</subfield>
  </datafield>
  <datafield tag="773" ind1=" " ind2=" ">
    <subfield code="i">W :</subfield>
    <subfield code="t">Materia&#x142;y X Konferencji Problemowej PZITB. -</subfield>
    <subfield code="d">Koszalin, 1973. -</subfield>
    <subfield code="g">s. 89-91</subfield>
  </datafield>
  <datafield tag="942" ind1=" " ind2=" ">
    <subfield code="c">ART</subfield>
    <subfield code="2">UKD</subfield>
  </datafield>
  <datafield tag="999" ind1=" " ind2=" ">
    <subfield code="c">7439</subfield>
    <subfield code="d">7439</subfield>
  </datafield>
</record>
